000 01227nam a2200385 a 4500
001 vtls000328454
003 NLI
005 20210602150001.0
008 110112s2009 ii g 000 j ben d
020 _cRs.100.00
022 _cRs.
039 9 _y201101121809
_zbengal1
040 _aNLI
_bben
041 0 _aben
044 _aii
082 0 4 _a891.443
_222
100 1 _6880-01
_aধর,ইন্দ্রাণী
_94039
245 1 0 _6880-02
_aদাসী বাঁদি পরিদের গল্প
_cইন্দ্রাণী
260 _aকলকাতা
_bঋতাক্ষর
_c2009
300 _a[11]103p.
_c22cm.
650 0 _aShort stories,Bengali
700 1 _6880-03
710 _6880-04
880 1 _6100-01(B
_aDhar,Indrani
880 1 0 _6245-02(B
_aDasi bamdi parider galpa
_cIndrani Dhar
880 1 _6700-03(B
880 1 _6700-04(B
887 _aBarun Ghatak
901 _a74225
_b04.09.09
902 _aB891.443 Dh2141
904 _aBarun Ghatak
949 _AVIRTUAITEM
_D10008
_X100
_6DBA000074225BEN
_e74225
942 _2ddc
_cBKS
999 _aVIRTUA
_c284591
_d284591
999 _aVTLSSORT0080*0200*0220*0400*0410*0440*0820*1000*2450*2600*3000*6500*7000*7100*8800*8801*8802*8803*9010*9020*9040*9992